LEADER 01360nam a2200253 u 4500 001 000000017697 003 CaOOAMICUS 005 20070226110605.0 008 941210s1989 it u000 u ita u 035 $a10412484 040 $aPUL$bita 041 0 $aita$afre 111 2 $aSimposio internazionale mariologico$n(7 :$d1988 :$cRoma).$0(OLS)http://pul/name/15896 245 10$aAspetti della presenza di Maria nlla Chiesa in cammino verso il duemila :$batti del 7. Simposio internazionale mariologico (Roma, 21-22-23 giugno 1988) /$ca cura di Elio Peretto. 260 $aRoma :$bEdizioni "Marianum" ;$aBologna :$bEdizioni Dehoniane,$c1989. 300 $av, 427 p. ;$c22 cm 600 04$aMaria Virgo,$cs.$vCongressi.$0(OLS)http://pul/subject/8008 700 1 $aPeretto, Elio,$cO. S. M.,$dn. 1925.$0(OLS)http://pul/name/9664 850 $aPUL 852 $aPUL$W1$xSL Religione 1$y3$m66 F 102.7$j24942$nBK-PRI$b $qStampati$B24942$CPULBib$Z2$F24942 $HPUL93209 $81 941 1 $a8 996 $6245$aAspetti della presenza di Maria nlla Chiesa in cammino verso il duemila :$batti del 7. Simposio internazionale mariologico (Roma, 21-22-23 giugno 1988)$9(OLS)http://pul/title/25319 996 $6260$aRoma :$bEdizioni "Marianum"$9(OLS)http://pul/publisher/47881 996 $6260$aBologna :$bEdizioni Dehoniane$9(OLS)http://pul/publisher/48070 LEADER 01274nam a2200313 a 4500 001 000000150313 003 CaOOAMICUS 005 20160310181134.0 008 160310s2016 it a u000 u ita r 020 $a978-88-6288-307-8* 032 $aLibriCat 040 $aPUL$bita 082 14$a520.9 100 1 $aDreyer, John Louis.$0(OLS)http://pul/name/95704 245 10$aStoria dell'astronomia da Talete a Keplero /$cJ.L.E. Dreyer ; prefazione di W.H. Stahl. 260 $aBologna :$bOdoya,$cİ2016. 300 $a406 p. :$bill. ;$c21 cm. 490 1 $aOdoya Library ;$v210 504 $aInclude riferimenti bibliografici ed indice. 650 04$aAstronomia$xStoria.$0(OLS)http://pul/subject/28945 830 0$aOdoya Library ;$v210.$0(OLS)http://pul/title/153174 850 $aPUL 852 $aPUL$W1$xSL Cons. Gen., Altre Classi 3$y75$m520. 9 DREJO 1$j172876$qDDC 21$B174819$CPULBib$Z2$F174819 $H127449 $81 941 1 $a9 996 $6020$a978-88-6288-307-8*$9(OLS)http://pul/number/160034 996 $6082$a520.9$9(OLS)http://pul/classification/415 996 $6245$aStoria dell'astronomia da Talete a Keplero$9(OLS)http://pul/title/189419 996 $6260$aBologna :$bOdoya$9(OLS)http://pul/publisher/81312